| 000 | 01320nam a2200337 a 4500 | ||
|---|---|---|---|
| 001 | ebr10520120 | ||
| 003 | CaPaEBR | ||
| 006 | m u | ||
| 007 | cr cn||||||||| | ||
| 008 | 071023r20081975flua sb 001 0 eng d | ||
| 010 | _z 2007044138 | ||
| 020 | _z9781932159738 (hardcover alk. paper) | ||
| 020 | _z1932159738 | ||
| 020 | _z9781604276541 (e-book) | ||
| 040 |
_aCaPaEBR _cCaPaEBR |
||
| 035 | _a(OCoLC)719388623 | ||
| 050 | 1 | 4 |
_aTA710 _b.C533 2008eb |
| 082 | 0 | 4 |
_a624.1/5136 _222 |
| 100 | 1 |
_aChen, Wai-Fah, _d1936- |
|
| 245 | 1 | 0 |
_aLimit analysis and soil plasticity _h[electronic resource] / _cby Wai-Fah Chen. |
| 260 |
_aFt. Lauderdale, Fla. : _bJ. Ross Pub., _cc2008. |
||
| 300 |
_a394 p. : _bill. |
||
| 500 | _aOriginally published: Amsterdam : Elsevier Scientific Pub. Co., 1975. | ||
| 504 | _aIncludes bibliographical references and indexes. | ||
| 533 |
_aElectronic reproduction. _bPalo Alto, Calif. : _cebrary, _d2012. _nAvailable via World Wide Web. _nAccess may be limited to ebrary affiliated libraries. |
||
| 650 | 0 | _aSoil mechanics. | |
| 650 | 0 | _aPlastic analysis (Engineering) | |
| 655 | 7 |
_aElectronic books. _2local |
|
| 710 | 2 | _aebrary, Inc. | |
| 856 | 4 | 0 |
_uhttp://site.ebrary.com/lib/rucke/Doc?id=10520120 _zAn electronic book accessible through the World Wide Web; click to view |
| 999 |
_c236979 _d236979 |
||